Területi statisztikai évkönyv 1988

Guardado en:
Detalles Bibliográficos
Formato: Libro
Lenguaje:húngaro
Publicado: Budapest Központi Statisztikai Hivatal 1989
Materias:
Etiquetas: Agregar Etiqueta
Sin Etiquetas, Sea el primero en etiquetar este registro!

MARC

LEADER 00000nam a2200000 4500
001 c036635
005 20250207075001.6
041 0 |a hun 
044 |a HU 
245 1 0 |a Területi statisztikai évkönyv 1988 
264 1 |a Budapest  |b Központi Statisztikai Hivatal  |c 1989 
300 |a 230 s. 
610 2 0 |a Maďarsko 
610 2 0 |a štatistika regionálna